000
00290nam a2200109Ia 4500
008
190216s9999||||xx |||||||||||||| ||und||
100
_a
Moregan K W
245
0
_a
Islam The Straight Path Islam Interpretyed By Muslims
260
_b
Motilal Publishers Delhi
650
_a
History
942
_c
BK
999
_c
19976
_d
19976